| 000 | 00981nmc a2200349 a 4500 | ||
|---|---|---|---|
| 003 | AR-BaBNM | ||
| 005 | 20251128204408.0 | ||
| 008 | 011101s1992 ||||||||||||||000 | spa|| | ||
| 020 | _a950-9831-71-9 | ||
| 040 | _cAR-BaBNM | ||
| 100 | 1 | _aFolgueira, Fabiana G. | |
| 245 | 1 | 0 | _a¿Por qué no aprenden mis alumnos ? |
| 260 |
_aBuenos Aires _bMétodos _c1992 |
||
| 300 | 0 | _a63 P. | |
| 490 | 0 | _aBiblioteca del docente creativo | |
| 504 | _aBibliografía p. 61-62 | ||
| 650 | 4 | _aAPRENDIZAJE | |
| 650 | 4 | _aDIFICULTADES EN EL APRENDIZAJE | |
| 650 | 4 | _aPROCESO DE APRENDIZAJE | |
| 650 | 4 | _aADOLESCENTES | |
| 650 | 4 | _aDOCENTES | |
| 650 | 4 | _aTAREAS ESCOLARES | |
| 650 | 4 | _aMEDIOS DE COMUNICACION | |
| 650 | 4 | _aMOTIVACION DEL ALUMNO | |
| 650 | 4 | _aAFECTIVIDAD | |
| 650 | 4 | _aCALIDAD DE LA EDUCACION | |
| 650 | 4 | _aTECNOLOGIA DE LAS COMUNICACIONES | |
| 653 | 0 | _aESTRATEGIAS EDUCATIVAS | |
| 653 | 0 | _aPROCESO DE ENSENANZA-APRENDIZAJE | |
| 942 | _cBK | ||
| 998 | _cCarmen | ||
| 999 |
_c7289 _d7289 |
||